Normal view
MARC view
- Terry A. Slocum, Robert B. McMaster, Fritz C. Kessler, Hugh H. Howard
Entry Personal Name
001 - CONTROL NUMBER
- control field: 134147
003 - CONTROL NUMBER IDENTIFIER
- control field: NUST
005 - DATE AND TIME OF LATEST TRANSACTION
- control field: 20260415145628.0
008 - FIXED-LENGTH DATA ELEMENTS
- fixed length control field: 260415|| aca||aabn | a|a d
040 ## - CATALOGING SOURCE
- Original cataloging agency: NUST
- Transcribing agency: NUST
100 ## - HEADING--PERSONAL NAME
- Personal name: Terry A. Slocum, Robert B. McMaster, Fritz C. Kessler, Hugh H. Howard
670 ## - SOURCE DATA FOUND
- Source citation: Work cat.: (NUST): Terry A. Slocum, Robert B. McMaster, Fritz C. Kessler, Hugh H. Howard., Thematic Cartography and Geographic Visualization , 2004.
